| 000 | 00499cam a22002054a 4500 | ||
|---|---|---|---|
| 005 | 20250605164301.0 | ||
| 008 | 250528s ||||||||||||||||||||||||d | ||
| 035 | _a22093 | ||
| 020 | _a9781473906464 | ||
| 040 |
_aGR-AtMCL _bgre _dGR-AtMCL _eAACR2 |
||
| 245 | 1 | _aLEARNING THEORIES IN CHILDHOOD | |
| 250 | _a2 | ||
| 260 |
_bSage Publications, _c2015 |
||
| 300 | _a224 | ||
| 700 | 1 |
_aGray Colette _97969 |
|
| 700 | 1 |
_aMacblain Sean _97970 |
|
| 942 | _cBK | ||
| 999 |
_c7149 _d7149 |
||